000 00501nam a2200193Ia 4500
005 20250423095755.0
008 250422s9999 xx 000 0 und d
020 _a9781292026961
050 _aHF 1359 .O248/
100 _aOatley, Thomas H.
245 0 _aInternational political economy
250 _a5th ed.
260 _aBoston
260 _bPearson
260 _c2014
300 _a344 p
650 _aInternational economic relations. International finance. Globalization.
942 _cBK
999 _c31290
_d31290